00797nam a22002417a 450000500170000001000110001702000100002803500110003803700160004904000120006508200160007710000270009324500510012026000320017127000320020330000260023550000190026165000250028065000200030594200250032599900190035095201860036920170124110129.0 a032835 c00.00 a032835 bCen Lib/Ret aDPLbEN a631.37bSOU aSouthwell, P.H.931823 aThe agricultural tractor /cby P.H. Southwell  aLondonbTemple Press c1953 abowling green lanebLondon  axiii, 169p.c19cm(Hb) aIncludes index aAgricultuture931824 aTractor 931825 2ddccENh631.37mSOU c131461d131461 04104070aLbLd2015-07-15eCen Lib/Retg0.00l0o631.37 SOUp032835r2015-07-15 00:00:00t1v0.00w2015-07-15yENzWritten off on approval by DLB (By Circulation); dtd 15-06-2023